Social policy for development / (Record no. 173377)

000 -LEADER
fixed length control field 01581cam a2200373 a 4500
001 - CONTROL NUMBER
control field 13655581
003 - CONTROL NUMBER IDENTIFIER
control field Nust
005 - DATE AND TIME OF LATEST TRANSACTION
control field 20180118162903.0
008 - FIXED-LENGTH DATA ELEMENTS--GENERAL INFORMATION
fixed length control field 040715s2004 enka b 001 0 eng d
010 ## - LIBRARY OF CONGRESS CONTROL NUMBER
LC control number 2004301273
015 ## - NATIONAL BIBLIOGRAPHY NUMBER
National bibliography number GBA3-T6995
020 ## - INTERNATIONAL STANDARD BOOK NUMBER
International Standard Book Number 0761967141
020 ## - INTERNATIONAL STANDARD BOOK NUMBER
International Standard Book Number 076196715X (pbk.)
035 ## - SYSTEM CONTROL NUMBER
System control number (OCoLC)ocm53389218
040 ## - CATALOGING SOURCE
Original cataloging agency UKM
Transcribing agency UKM
Modifying agency OCLCQ
-- C#P
-- DLC
042 ## - AUTHENTICATION CODE
Authentication code lccopycat
050 00 - LIBRARY OF CONGRESS CALL NUMBER
Classification number HD75
Item number .H3134 2004
082 04 - DEWEY DECIMAL CLASSIFICATION NUMBER
Classification number 361.61
Edition number 21
100 1# - MAIN ENTRY--PERSONAL NAME
Personal name Hall, Anthony L.,
Dates associated with a name 1947-
9 (RLIN) 8914
245 10 - TITLE STATEMENT
Title Social policy for development /
Statement of responsibility, etc. Anthony Hall and James Midgley ; with chapters by Jo Beall, Mrigesh Bhatia, and Elias Mossialos.
260 ## - PUBLICATION, DISTRIBUTION, ETC.
Place of publication, distribution, etc. London ;
-- Thousand Oaks, Calif. :
Name of publisher, distributor, etc. SAGE,
Date of publication, distribution, etc. 2004.
300 ## - PHYSICAL DESCRIPTION
Extent xv, 288 p. :
Other physical details ill. ;
Dimensions 25 cm.
504 ## - BIBLIOGRAPHY, ETC. NOTE
Bibliography, etc. note Includes bibliographical references and index.
650 #0 - SUBJECT ADDED ENTRY--TOPICAL TERM
Topical term or geographic name entry element Economic development
General subdivision Social aspects.
9 (RLIN) 8915
650 #0 - SUBJECT ADDED ENTRY--TOPICAL TERM
Topical term or geographic name entry element Social policy.
9 (RLIN) 8916
700 1# - ADDED ENTRY--PERSONAL NAME
Personal name Midgley, James.
9 (RLIN) 8917
856 41 - ELECTRONIC LOCATION AND ACCESS
Materials specified Table of contents only
Uniform Resource Identifier <a href="http://www.loc.gov/catdir/toc/fy046/2004301273.html">http://www.loc.gov/catdir/toc/fy046/2004301273.html</a>
856 42 - ELECTRONIC LOCATION AND ACCESS
Materials specified Publisher description
Uniform Resource Identifier <a href="http://www.loc.gov/catdir/enhancements/fy0657/2004301273-d.html">http://www.loc.gov/catdir/enhancements/fy0657/2004301273-d.html</a>
856 42 - ELECTRONIC LOCATION AND ACCESS
Materials specified Contributor biographical information
Uniform Resource Identifier <a href="http://www.loc.gov/catdir/enhancements/fy0734/2004301273-b.html">http://www.loc.gov/catdir/enhancements/fy0734/2004301273-b.html</a>
906 ## - LOCAL DATA ELEMENT F, LDF (RLIN)
a 7
b cbc
c copycat
d 3
e ncip
f 20
g y-gencatlg
942 ## - ADDED ENTRY ELEMENTS (KOHA)
Source of classification or shelving scheme
Koha item type Book
Holdings
Withdrawn status Lost status Source of classification or shelving scheme Damaged status Not for loan Collection code Permanent Location Current Location Shelving location Date acquired Total Checkouts Total Renewals Full call number Barcode Date last seen Date last checked out Price effective from Koha item type
            Central Library (CL) Central Library (CL) General Stacks 01/23/2017 2 1 361.61 HAL S3H-S-874 10/03/2024 08/29/2019 01/23/2017 Book
© 2023 Central Library, National University of Sciences and Technology. All Rights Reserved.